Estadísticas para Índice Global de Terrorismo

Haz click aquí para intentar la prueba.

Estadísticas generales

  • Esta prueba ha sido intentada 1.512 veces
    (1.470 desde el último reinicio)
  • La puntuación promedio es 13 de 20

Estadísticas de respuestas

PuntajePaís% Correcto
9.96Irak
95%
8.58Siria
94%
9.44Afganistán
87%
8.61Pakistán
85%
7.33Egipto
81%
7.28Libia
76%
7.48India
74%
8.08Yemen
72%
7.55Somalia
70%
6.60Sudán
70%
6.74Turquía
69%
6.68Níger
68%
9.31Nigeria
65%
6.63Rep. Dem. del Congo
61%
6.58Kenia
48%
7.00Camerún
38%
7.09Filipinas
36%
6.51República Centroafricana
34%
6.71Tailandia
32%
7.13Ucrania
29%

Distribución de puntuación

Porcentaje por número respondido

Porcentaje de gente con cada puntuación

Historial de tus puntuaciones

No has intentado esta prueba desde el último reinicio